Statistics for Famous Trios Quiz #3

Click here to take the quiz!

General Stats

  • This quiz has been taken 33,970 times
  • The average score is 15 of 24

Answer Stats

Famous Trio% Correct
Past, Present and {Future}
98%
Tic, Tac, {Toe}
95%
Me, {Myself} and I
92%
Coulda, Woulda, {Shoulda}
91%
Jesus, {Mary}, and Joseph
90%
Calm, {Cool} and Collected
79%
Hook, Line and {Sinker}
76%
No Shirt, {No} {Shoes}, No Service
75%
Bed, Bath and {Beyond}
71%
Faster, Higher, {Stronger}
70%
Signed, Sealed, {Delivered}
70%
Tom, Dick and {Harry}
68%
Way, Shape or {Form}
68%
Lather, Rinse, {Repeat}
67%
Veni, Vidi, {Vici}
63%
Stone Age, Bronze Age, {Iron} {Age}
61%
Lock, {Stock} and Barrel
60%
Shake, {Rattle}, and Roll
58%
Friends, Romans, {Countrymen}
52%
Animal, {Vegetable}, Mineral
41%
Win, Place, {Show}
25%
Bewitched, Bothered and {Bewildered}
23%
Lies, Damned Lies, and {Statistics}
19%
Turn On, Tune In, {Drop} {Out}
16%

Score Distribution

Percentile by Number Answered

Percent of People with Each Score

Your Score History

You have not taken this quiz